Power system analysis (Record no. 1347)

000 -LEADER
fixed length control field 00590nam a2200229 a 4500
001 - CONTROL NUMBER
control field 1347
003 - CONTROL NUMBER IDENTIFIER
control field BD-DhUET
008 - FIXED-LENGTH DATA ELEMENTS--GENERAL INFORMATION
fixed length control field 931008s1994 nyua 001 0 eng
020 ## - INTERNATIONAL STANDARD BOOK NUMBER
International Standard Book Number 0070585156
020 ## - INTERNATIONAL STANDARD BOOK NUMBER
International Standard Book Number 0071133380
040 ## - CATALOGING SOURCE
Original cataloging agency DLC
Transcribing agency DLC
Modifying agency BD-DhUET
082 00 - DEWEY DECIMAL CLASSIFICATION NUMBER
Classification number 623.19
Item number GRA/1994
100 1# - MAIN ENTRY--PERSONAL NAME
Personal name Grainger, John J.
245 10 - TITLE STATEMENT
Title Power system analysis
250 ## - EDITION STATEMENT
Edition statement 1st ed.
260 ## - PUBLICATION, DISTRIBUTION, ETC. (IMPRINT)
Place of publication, distribution, etc. New York
Name of publisher, distributor, etc. McGraw-Hill
Date of publication, distribution, etc. 1994
300 ## - PHYSICAL DESCRIPTION
Extent xix, 787 p.
Other physical details ill.
504 ## - BIBLIOGRAPHY, ETC. NOTE
Bibliography, etc Includes bibliographies
650 #0 - SUBJECT ADDED ENTRY--TOPICAL TERM
Topical term or geographic name as entry element Electric power systems-Management
700 1# - ADDED ENTRY--PERSONAL NAME
Personal name Stevenson, William D.
942 ## - ADDED ENTRY ELEMENTS (KOHA)
Koha item type General Book
Holdings
Damaged status Source of classification or shelving scheme Copy number Koha item type Shelving location Date acquired Koha renewals Koha full call number Piece designation (barcode) Not for loan Koha date last seen Koha normalized classification for sorting Koha date last borrowed Withdrawn status Sublocation or collection (holding branch) Koha out on loan Location (home branch) Koha issues (times borrowed) Price effective from Lost status
  1General BookCirculation section2014-09-03 623.19/GRA/1994103960 2024-06-01623_000000000000000_19GRA19942024-03-04 Central Library, BUET Central Library, BUET52014-09-03 
  2General BookCirculation section2014-09-03 623.19/GRA/1994103961 2020-01-14623_000000000000000_19GRA19942019-05-06 Central Library, BUET Central Library, BUET12014-09-03 
  3General BookCirculation section2014-09-031623.19/GRA/1994103962 2025-11-03623_000000000000000_19GRA19942025-07-13 Central Library, BUET Central Library, BUET32014-09-03 
  4General BookCirculation section2014-09-03 623.19/GRA/1994103963 2025-04-22623_000000000000000_19GRA19942019-10-21 Central Library, BUET Central Library, BUET12014-09-03 
  5General BookCirculation section2014-09-03 623.19/GRA/1994103964 2023-11-27623_000000000000000_19GRA19942023-11-27 Central Library, BUET2023-12-11Central Library, BUET12014-09-03 
  6General BookCirculation section2014-09-03 623.19/GRA/1994103965 2016-01-26623_000000000000000_19GRA1994  Central Library, BUET Central Library, BUET 2014-09-03 
  7General BookCirculation section2014-09-032623.19/GRA/1994103966 2021-12-13623_000000000000000_19GRA19942021-02-13 Central Library, BUET Central Library, BUET12014-09-03 
  8General BookCirculation section2014-09-03 623.19/GRA/1994103967 2022-02-06623_000000000000000_19GRA19942022-02-06 Central Library, BUET2023-02-06Central Library, BUET22014-09-03 
  9General BookCirculation section2014-09-03 623.19/GRA/1994103968 2025-05-03623_000000000000000_19GRA19942025-05-03 Central Library, BUET2025-05-17Central Library, BUET52014-09-03 
  10Reading ItemReading section2015-06-21 623.19/GRA/199489529 2015-06-21623_190000000000000_GRA_1994  Central Library, BUET Central Library, BUET 2015-06-21 
  11Reading ItemReading section2015-06-21 623.19/GRA/199491138 2015-06-21623_190000000000000_GRA_1994  Central Library, BUET Central Library, BUET 2015-06-21 
  12Reading ItemReading section2015-07-02 623.19/GRA/199490777 2015-07-02623_190000000000000_GRA_1994  Central Library, BUET Central Library, BUET 2015-07-02